A Mediterranean emporium : the Catalan kingdom of Majorka
Αποθηκεύτηκε σε:
| Κύριος συγγραφέας: | |
|---|---|
| Μορφή: | Βιβλίο |
| Γλώσσα: | English |
| Δημοσίευση: |
Cambridge :
Cambridge University Press,
c1994
|
| Θέματα: | |
| Ετικέτες: |
Προσθήκη ετικέτας
Δεν υπάρχουν, Καταχωρήστε ετικέτα πρώτοι!
|
MARC
| LEADER | 00000nam a2200000 i 4500 | ||
|---|---|---|---|
| 001 | 1/100391 | ||
| 008 | 000201s1994 eng d | ||
| 020 | |a 0-521-32244-8 | ||
| 035 | |l 10057260 | ||
| 040 | |a GR-MY-UA |b gre |e aacr | ||
| 041 | 0 | |a eng | |
| 082 | 0 | |a 946.754 | |
| 100 | 1 | |a Abulafia, David. | |
| 245 | 1 | 2 | |a A Mediterranean emporium : |b the Catalan kingdom of Majorka / |c David Abulafia |
| 260 | |a Cambridge : |b Cambridge University Press, |c c1994 | ||
| 300 | |a 292 p. | ||
| 651 | 0 | |a Majorca (Spain) |x History. | |
| 651 | 0 | |a Balearic Islands (Spain) |x Commerce |x History |y 13th century. | |
| 852 | |a INST |b LESVOS |e 20000201 |h 946.754 ABU |p 005100021969 |q 005100021969 |t BK |y 0 | ||
| 901 | |a BIBL1-2000-1 | ||
| 909 | |a Λ |b 070416 | ||
| 922 | |a 1ΕΛΗ |b 199911 |c ΚΠΣ/ΤΓ |d LEADER | ||
| 950 | |a 118-1999-09-03 | ||
| 970 | |a ΤΖΑΦΕΡΗ |b ΕΥΑΓΓΕΛΙΑ |z 2000/02/02 | ||